Masques (Record no. 10273)

MARC details
000 -CABECERA
campo de control de longitud fija 01085nam a2200229 a 4500
001 - NÚMERO DE CONTROL
campo de control BRL_1463
005 - FECHA Y HORA DE LA ÚLTIMA TRANSACCIÓN
campo de control 20190320211223.0
008 - DATOS DE LONGITUD FIJA--INFORMACIÓN GENERAL
campo de control de longitud fija 210114s1965----fr-o######---#000-0#fre-#
041 ## - CÓDIGO DE LENGUA
Código de lengua del texto/banda sonora o título independiente fre
044 ## - CÓDIGO DEL PAÍS DE LA ENTIDAD EDITORA/PRODUCTORA
Código MARC del país fr
050 #4 - SIGNATURA TOPOGRÁFICA DE LA BIBLIOTECA DEL CONGRESO
Número de clasificación GT1747
Número de documento/Ítem .D46 1965
100 1# - ENTRADA PRINCIPAL--NOMBRE DE PERSONA
Nombre de persona Demoulin-Bernard, Henriette
9 (RLIN) 27003
245 10 - MENCIÓN DE TÍTULO
Título Masques
Resto del título exposés dans L´Annexe du musée Guiment en décembre 1959, avec la collaboration de la section des Sciences religieuses de l´École pratique des Hautes Études et son Centre documentaire d´Histoire des Religions. Les commentaires accompagnant les photographies ont été empruntés au catalogue de l´expositions qui a été réalisée avec le concours de la Réunion de Musées Nationaux.
Mención de responsabilidad, etc. par Henriette Demoulin-Bernard ; préface Roger Caillois ; photographies de Georges Pierre.
260 ## - PUBLICACIÓN, DISTRIBUCIÓN, ETC.
Lugar de publicación, distribución, etc. Paris
Nombre del editor, distribuidor, etc. Oliver Perrin
Fecha de publicación, distribución, etc. 1965
300 ## - DESCRIPCIÓN FÍSICA
Extensión 98 p.
Otras características físicas il., fotografías (blanco y negro)
Dimensiones 22 cm.
500 ## - NOTA GENERAL
Nota general Au1792
650 14 - PUNTO DE ACCESO ADICIONAL DE MATERIA--TÉRMINO DE MATERIA
Término de materia o nombre geográfico como elemento de entrada Máscaras
9 (RLIN) 18335
700 1# - PUNTO DE ACCESO ADICIONAL--NOMBRE DE PERSONA
Nombre de persona Caillois, Roger
9 (RLIN) 27004
700 1# - PUNTO DE ACCESO ADICIONAL--NOMBRE DE PERSONA
Nombre de persona Pierre, Georges
Término indicativo de función/relación il.
9 (RLIN) 27005
902 ## - CATALOGADOR
Iniciales GRL
942 ## - ELEMENTOS DE PUNTO DE ACCESO ADICIONAL (KOHA)
Fuente del sistema de clasificación o colocación Library of Congress Classification
Tipo de ítem Koha Libros
Holdings
Estado de retiro Estado de pérdida Estado dañado No para préstamo Localización permanente Ubicación/localización actual Fecha de adquisición Número de inventario Total de préstamos Signatura topográfica completa Código de barras Fecha visto por última vez Precio válido a partir de Tipo de ítem Koha
El ejemplar forma parte de la colección y puede ser consultado según las políticas vigentes.       Biblioteca Centro de Estudios Ruth D. Lechuga Biblioteca Centro de Estudios Ruth D. Lechuga 21/01/2014 Au1792   GT1747 .D46 1965 (Au1792) GRL01623 22/03/2019 22/03/2019 Libros